Buteurs du Stade Rennais en ligue 1 Uber-Eats 2022-2023 - Statistiques

Statistiques générales
  • Ce quiz a été pris 136 fois
  • Le résultat moyen est 7 sur 12
Statistiques - réponses
Hint Réponse % Correct
9 Terrier
95%
7 Bourigeaud
89%
15 Gouiri
86%
2 Majer
65%
4 Theate
63%
1 Traoré
62%
2 Santamaria
59%
2 Tait
51%
3 Doué
41%
1 Sulemana
30%
1 Rodon
14%
7 Toko Ekambi
14%
Aucun quiz correspondant
Distribution des résultats
% des personnes avec chaque résultat
Percentile par nombre de réponses
Votre historique - résultats
Vous n’avez pas pris ce quiz